| 000 | 00715nam a22002057a 4500 | ||
|---|---|---|---|
| 999 |
_c63968 _d63968 |
||
| 005 | 20260227151856.0 | ||
| 008 | 260227s2015 enk||||| |||| 00| 0 eng d | ||
| 020 | _a9780873327732x | ||
| 041 | _aeng | ||
| 080 | _a94(520) : 327 The-44 | ||
| 245 |
_aThe Atomic Bomb: _bVoices from Hiroshima and Nagasaki _cEditor Kyoko Selden, Mark Selden. |
||
| 264 |
_aLondon : _bRoutledge, _c2015. |
||
| 300 |
_a258 p.; _b23 cm. |
||
| 653 | _aატომური ბომბი | ||
| 653 | _aჰიროსიმა | ||
| 653 | _aნაგასაკი | ||
| 700 |
_aSelden, Kyoko _eრედაქტორი _927017 |
||
| 700 |
_aSelden, Mark _eრედაქტორი _927018 |
||
| 942 |
_2udc _cᲬᲘᲒᲜᲘ |
||